Statistiques concernant Culture Générale : Facile #1

Cliquez ici pour prendre le quiz!

Statistiques générales

  • Ce quiz a été pris 1 513 fois
  • Le résultat moyen est 13 sur 20

Statistiques - réponses

HintRéponse% Correct
En quelle année a commencé la Première Guerre Mondiale ?1914
99%
Quel peintre italien a peint la Joconde ?Leonard de Vinci
89%
De quel pays Dublin est-elle la capitale ?Irlande
88%
A quelle couleur associe-t-on souvent la ville de Toulouse ?Rose
83%
Quelle saga cinématographique, créé par Georges Lucas, a débuté en 1977 ?Star Wars
69%
Quel bâtiment Parisien à été conçu pour rendre hommage aux Triomphes de la Révolution et de Napoléon ?Arc de Triomphe
67%
Complétez : "Qui sème le vent ...."récolte la tempête
67%
Quelle personnalité politique française a été président de la république de 1995 à 2007 ?Jacques Chirac
66%
Dans une fable de La Fontaine, contre quel animal la tortue gagne-t-elle la course ?Lièvre
66%
Quel jeux-vidéo d'arcade inventé en 1980 consiste à manger des boules jaunes en évitant des fantômes ?Pac-Man
66%
Quelle planète est la plus proche du Soleil ?Mercure
65%
Quelle marque japonaise fait entres autre des motos et des pianos ?Yamaha
62%
Quel organe est chargé de filtrer le sang ?Rein
60%
Quelle plante herbacée est vendue pour la fête du travail ?Muguet de mai
59%
Quel système d'exploitation à été créé par Microsoft ?Windows
59%
Quel molécule est constituée de deux atomes d'hydrogène et d'un d'oxygène ?Eau
56%
A quoi est égal x dans l'équation : 3x-2 = 4 ?2
54%
Quel est le dieu de la guerre dans la mythologie romaine ?Mars
52%
Quel est le plus grand pays d'Afrique ?Algérie
51%
Quel animal africain est souvent confondu avec l'émeu australien ?Autruche
39%

Distribution des résultats

Percentile par nombre de réponses

% des personnes avec chaque résultat

Votre développement - résultats

Vous n’avez pas pris ce quiz